Datum a čas kvízu
37.5
Celkem bodů
Celkový počet nahraných bodů na tomto kvízu bez doplňovacích otázek.
2.
Pořadí na kvízu
Konečné umístění týmu na tomto kvízu.
Zaznamenané odpovědi
| # | Otázka | Odpověď | Body | Výsledky |
|---|---|---|---|---|
| 1. | Ve kterém českém městě se minu... | v Plzni | 0 | |
| 2. | Minulý týden se v českých médi... | A | 1 | |
| 3. | Minulý týden jsme se dozvěděli... | Francie | 1 | |
| 4. | Který ostrovní stát zavedl jak... | Island | 1 | |
| 5. | Co se zoufale snažil najít na... | vylomený zub | 1 | |
| 6. | Mezi nejúspěšnější sourozence... | 2000; 2012 | 0.5 | |
| 7. | Pouhých 65 setin sekundy od me... | Petr; Martin | 0.5 | |
| 8. | Opomenout v tomto tématu nesmí... | 7,5 km; 6 km | 0 | |
| 9. | Nyní bude vaším úkolem uhodnou... | v plavání | 0 | |
| 10. | Na závěr se podíváme na bratrs... | B) Maďarsko | 0 |